[Event "ch-Gdansk"]
[Site "Gdansk POL"]
[Date "2007.07.29"]
[Round "9"]
[White "Mierska,A"]
[Black "Kapica,P"]
[Result "1-0"]
[WhiteElo "1862"]
[BlackElo "1765"]

1.e4 c5 2.c3 Nf6 3.e5 Nd5 4.Bc4 Nb6 5.Bb3 d6 6.exd6 Qxd6 7.Na3 g6 8.Nf3 Bg7
9.d4 cxd4 10.Nb5 Qc5 11.Nbxd4 e5 12.Nc2 O-O 13.O-O Nc6 14.Be3 Qe7 15.Ng5 Na5
16.Nb4 Nxb3 17.axb3 Rd8 18.Qe2 Qc7 19.Qf3 Bf5 20.g4 Bd3 21.Rfd1 Bb5 22.Rxd8+ Rxd8
23.Rxa7 e4 24.Nxe4 Nd7 25.Ng5 Ne5 26.Qxb7 Rd1+ 27.Kg2 Bf1+ 28.Kg3 Qd6 29.Ra8+ Bf8
30.Qb8 Qe7 31.Qe8 Kg7 32.Qxe7 Bxe7 33.Bf4 f6 34.Ra7 fxg5 35.Bxg5 Nf7 36.Bxe7 Be2
37.Bc5 Rg1+ 38.Kf4 Rxg4+ 39.Ke3 Bd1 40.Bd4+ Kf8 41.Nd5 Bxb3 42.Ra8+  1-0

[Event "Sun Pawn Open"]
[Site "Ilichevsk UKR"]
[Date "2007.07.29"]
[Round "9"]
[White "Petrushko,E"]
[Black "Kornienko,S"]
[Result "1-0"]
[WhiteElo "2050"]
[BlackElo "2237"]

1.e4 c5 2.c3 Nf6 3.e5 Nd5 4.d4 e6 5.Nf3 Nc6 6.Bc4 Nb6 7.Bd3 Be7 8.O-O O-O
9.Qe2 cxd4 10.cxd4 f6 11.exf6 Bxf6 12.Qe4 g6 13.Bh6 Bg7 14.Bxg7 Kxg7 15.Ne5 Qf6
16.Nc3 d5 17.Qe3 Nxe5 18.dxe5 Qf4 19.Qxf4 Rxf4 20.Nb5 Bd7 21.b3 Bxb5 22.Bxb5 a6
23.Bd3 Nd7 24.Rfe1 Rc8 25.g3 Rf3 26.Be2 Nxe5 27.Bd1 Rf5 28.f4 Nc6 29.Bg4 Rf6
30.Bxe6 Rd8 31.Rad1 d4 32.Bc4 Rfd6 33.Bd3 R8d7 34.Kf2 Nb4 35.a3 Nc6 36.Re8 Re7
37.Re1 Rxe1 38.Kxe1 Rd7 39.b4 Kf7 40.Re2 Ne7 41.Re5 Kf6 42.Kd2 Nd5 43.Be4 Ne3
44.Kd3 b5 45.Rc5 Rd6 46.Rc6 Rxc6 47.Bxc6 Nc4 48.Bb7 a5 49.Kxd4 a4 50.Be4 Nxa3
51.Bd3 Ke6 52.g4 h5 53.g5 Kf7 54.Kc3 h4 55.Kb2 Nc4+ 56.Bxc4+ bxc4 57.b5 Ke6
58.b6 Kf5 59.b7 Kxf4 60.b8=Q+ Kxg5 61.Qb4 Kg4 62.Qxa4 Kh3 63.Qc2 g5 64.Qf2 Kg4
65.Kc3  1-0

[Event "Siberia A"]
[Site "Novosibirsk RUS"]
[Date "2007.07.29"]
[Round "11"]
[White "Novikova,A"]
[Black "Kaiyrbekov,R"]
[Result "0-1"]
[WhiteElo "2268"]
[BlackElo "2293"]

1.e4 c5 2.c3 Nf6 3.e5 Nd5 4.d4 cxd4 5.Nf3 e6 6.cxd4 b6 7.Nc3 Nxc3 8.bxc3 Qc7
9.Bd2 d6 10.Bd3 Nd7 11.O-O dxe5 12.Re1 Bd6 13.Rc1 Bb7 14.Qe2 O-O 15.Nxe5 Nxe5
16.dxe5 Bc5 17.c4 Rfd8 18.Rc3 Qc6 19.Qg4 Rd4 20.Qg3 Rad8 21.Bh6 g6 22.Bf1 Bb4
23.Rce3 Bxe1 24.Rxe1 Rd1 25.Qe3 Rxe1 26.Qxe1 Qe4 27.Qc1 Qxe5 28.Be3 Qh5 29.Bd2 Qg4  0-1

[Event "12th Open"]
[Site "Creon FRA"]
[Date "2007.07.30"]
[Round "1"]
[White "Ballan,G"]
[Black "Parmentier,X"]
[Result "0-1"]
[WhiteElo "1917"]
[BlackElo "2303"]

1.e4 c5 2.c3 Nf6 3.e5 Nd5 4.d4 cxd4 5.Bc4 Nb6 6.Bb3 Nc6 7.Nf3 g6 8.cxd4 Bg7
9.O-O O-O 10.Nc3 d6 11.exd6 Qxd6 12.d5 Na5 13.Be3 Bg4 14.Bxb6 Qxb6 15.Re1 Nxb3
16.Qxb3 Qxb3 17.axb3 Bxf3 18.gxf3 Bf6 19.Re2 Rfd8 20.Rd1 Rac8 21.Ne4 Be5
22.Ng3 Bd6 23.Ne4 Bf4 24.Nc3 Kf8 25.Rd4 Bd6 26.Rc4 Rc5 27.Rd2 Rdc8 28.Rxc5 Rxc5
29.Kg2 Be5 30.Rd3 a6 31.h3 Ke8 32.Kf1 Kd7 33.Ke2 f5 34.Na4 Rb5 35.Ke3 g5
36.Ke2 Kd6 37.Nc3 Bxc3 38.Rxc3 Rc5 39.Rd3 Rxd5 40.Rc3 Rd4 41.Rc8 Rb4 42.Rg8 h6
43.Rg6+ Ke5 44.Rxh6 Rxb3 45.Rg6 Rxb2+ 46.Ke1 Kf4 47.Re6 a5 48.Rxe7 a4 49.Re3 b5
50.Ra3 Rb3 51.Ra1 a3 52.Ke2 Rb2+ 53.Kf1 a2 54.Kg2 b4  0-1

[Event "94th ch-GBR"]
[Site "Great Yarmouth ENG"]
[Date "2007.07.30"]
[Round "1"]
[White "Tippleston,C"]
[Black "Jain,A2"]
[Result "1/2-1/2"]
[WhiteElo "2178"]
[BlackElo "2002"]

1.e4 c5 2.c3 Nf6 3.e5 Nd5 4.d4 cxd4 5.Nf3 e6 6.cxd4 d6 7.a3 Be7 8.Bd3 b6
9.O-O Bb7 10.Re1 Nd7 11.exd6 Bxd6 12.Ng5 Nf4 13.Bxf4 Bxf4 14.Ne4 O-O 15.Nbc3 Nf6
16.Qf3 Nxe4 17.Bxe4 Bxe4 18.Rxe4 Bh6 19.Rd1 Rc8 20.Ree1 Re8 21.g3 g6 22.d5 exd5
23.Rxe8+ Qxe8 24.Nxd5 Bg7 25.Nf6+ Bxf6 26.Qxf6 Rc6 27.Rd8 Rxf6 28.Rxe8+ Kg7
29.Re7 a5 30.Rb7 g5 31.h3 h5 32.g4 hxg4 33.hxg4 Re6 34.Kg2 a4 35.Kf3 Kg6
36.Ra7 b5 37.Rb7 Re5 38.Rb6+ f6 39.Rb7 Kh6 40.Rf7 Kg6 41.Rb7 Kh6 42.Rf7 Kg6
43.Rc7 Kh6 44.Rc3 Kg6 45.Re3 Rc5 46.Re4 Kf7 47.Ke3 Kg6 48.Rb4 Re5+ 49.Kd3 f5
50.gxf5+ Kxf5 51.f3 Rd5+ 52.Kc3 Ke5 53.Re4+ Kd6 54.Kb4 Rf5 55.Re3 Kd5 56.Rd3+ Kc6
57.Rc3+ Kb6 58.Re3 Rf4+ 59.Kc3 g4 60.fxg4  1/2-1/2

[Event "94th ch-GBR"]
[Site "Great Yarmouth ENG"]
[Date "2007.07.30"]
[Round "1"]
[White "Lyell,M"]
[Black "Griffiths,R"]
[Result "1/2-1/2"]
[WhiteElo "2187"]
[BlackElo "2046"]

1.e4 c5 2.c3 Nf6 3.e5 Nd5 4.Bc4 Nb6 5.Bb3 Nc6 6.d4 cxd4 7.cxd4 d5 8.Nc3 Bf5
9.Nge2 e6 10.Ng3 Bg6 11.O-O Qd7 12.h4 h6 13.Nce2 O-O-O 14.Be3 Be7 15.h5 Bh7
16.Rc1 Kb8 17.Nf4 Nc4 18.Bxc4 dxc4 19.Qg4 Bd3 20.Nxd3 cxd3 21.Qxg7 Bh4 22.Qg4 Bxg3
23.fxg3 Nxd4 24.Qxd4 Qxd4 25.Bxd4 Rxd4 26.Rcd1 Rg8 27.Rf3 Rg5  1/2-1/2

[Event "Sun Pawn Open"]
[Site "Ilichevsk UKR"]
[Date "2007.07.30"]
[Round "10"]
[White "Petrushko,E"]
[Black "Bagrationi,A"]
[Result "1/2-1/2"]
[WhiteElo "2050"]
[BlackElo "2164"]

1.e4 c5 2.c3 Nf6 3.e5 Nd5 4.d4 e6 5.Nf3 cxd4 6.cxd4 b6 7.Bd3 Bb7 8.O-O f5
9.exf6 Nxf6 10.Bg5 Be7 11.Ne5 O-O 12.Bxf6 Rxf6 13.Qh5 g6 14.Nxg6 Qe8 15.Nxe7+ Qxe7
16.Nc3 Qg7 17.Be4 Bxe4 18.Nxe4 Rf5 19.Qe8+ Rf8 20.Qh5 Nc6 21.Qg5 Nxd4 22.Qxg7+ Kxg7
23.Rfd1 e5 24.Rd3 Rac8 25.Nc3 b5 26.a3 a5 27.Rad1 b4 28.axb4 axb4 29.Nd5 Rc2
30.R3d2 b3 31.Ne3 Rxd2 32.Rxd2 Rc8 33.f3 Rc2 34.Nf1 Kf6 35.Kf2 Ke6 36.Ke3 Rc1
37.Ng3 d5 38.Kd3 Nc6 39.Ne2 Nb4+ 40.Ke3 d4+ 41.Kf2 Rb1 42.f4 Nc2 43.fxe5 Kxe5
44.g4 Rh1 45.Kg2 Ra1 46.Kg3 Ke4 47.Kf2 Kd5 48.h4 Kc4 49.h5 d3 50.Nf4 Nb4
51.g5 Ra5 52.g6 Rf5  1/2-1/2

[Event "IGM"]
[Site "Stara Pazova SRB"]
[Date "2007.07.30"]
[Round "8"]
[White "Skoko,Mil"]
[Black "Kovacevic,A"]
[Result "0-1"]
[WhiteElo "2259"]
[BlackElo "2566"]

1.e4 c5 2.c3 Nf6 3.e5 Nd5 4.d4 cxd4 5.Nf3 e6 6.cxd4 d6 7.Bc4 Nc6 8.O-O Be7
9.Qe2 O-O 10.Nc3 Nxc3 11.bxc3 dxe5 12.Nxe5 Nxe5 13.Qxe5 Bd6 14.Qe2 Qc7 15.f4 b6
16.Bd3 Bb7 17.Bd2 Rac8 18.a4 Bd5 19.Ba6 Bb7 20.Bd3 Rfd8 21.h4 Be7 22.h5 Bf6
23.Be4 Bd5 24.Rf3 Qc6 25.Re3 Bxe4 26.Rxe4 Rd5 27.g4 h6 28.Kf2 Bh4+ 29.Ke3 f5
30.gxf5 exf5 31.c4 Rb5 32.d5 Qc5+ 33.Kf3 fxe4+ 34.Kg4 Bf6 35.Rd1 Rb2 36.Qxe4 Qxc4
37.Qe6+ Kh8 38.Rc1 Rc2  0-1

[Event "Arximiro Penide Cedeira Mem"]
[Site "Arteixo ESP"]
[Date "2007.08.01"]
[Round "9"]
[White "Grana Lois,J"]
[Black "Permuy Lorenzo,C"]
[Result "0-1"]
[WhiteElo "2118"]
[BlackElo "2326"]

1.e4 c5 2.c3 Nf6 3.e5 Nd5 4.d4 cxd4 5.Nf3 e6 6.cxd4 b6 7.Nc3 Nxc3 8.bxc3 Qc7
9.Bd2 Bb7 10.Bd3 d6 11.O-O Nd7 12.Ng5 dxe5 13.Qh5 g6 14.Qh3 e4 15.Bb5 Be7
16.Rfe1 Bc6 17.Bxc6 Qxc6 18.Nxe4 O-O 19.Ng5 Bxg5 20.Bxg5 Rac8 21.Re3 Qd5
22.Be7 Rfe8 23.Qh4 h5 24.h3 Kg7 25.Rae1 Rh8 26.Rf3 Rh7 27.Re4 Kg8 28.Ref4 Re8
29.Bf6 Qxa2 30.g4 Nxf6 31.Rxf6 Qb1+ 32.Kg2 Qe4 33.Rf4 Qd5 34.Qf6 g5 35.c4 Qa5
36.Re4 hxg4 37.hxg4 Qa1 38.Qxg5+ Kf8 39.Kg3 Qg1+ 40.Kf4 Qc1+ 41.Rfe3 Qxc4
42.Kg3 Qc1 43.d5 Qg1+ 44.Kf3 Rh2 45.Re2 Rh3+ 46.Kf4 Qh2+  0-1

[Event "TIPC"]
[Site "Charleroi BEL"]
[Date "2007.08.01"]
[Round "6"]
[White "Laurent,B"]
[Black "Van der Stricht,G"]
[Result "1/2-1/2"]
[WhiteElo "2376"]
[BlackElo "2430"]

1.e4 c5 2.c3 Nf6 3.e5 Nd5 4.d4 cxd4 5.cxd4 e6 6.Nf3 b6 7.Nc3 Nxc3 8.bxc3 Qc7
9.Be2 Qxc3+ 10.Bd2 Qa3 11.Rc1 Ba6 12.Ng5 Bb4 13.O-O Bxd2 14.Qxd2 O-O 15.Rc3 Qe7
16.Bxa6 Nxa6 17.Rh3 f5 18.Nxh7 Nc7 19.Qe2 Nd5 20.f4 Qb4 21.Qf2 Rfc8 22.Ng5 Kf8
23.Qh4 Ke8 24.Qh8+ Qf8 25.Qh5+ Kd8 26.Nf7+ Kc7 27.Nd6 Kb8 28.Nxc8 Kxc8 29.Qg5 Kb7
30.Rh7 Qb4 31.Rxg7 Qxd4+ 32.Kh1 Ne3 33.Rg1 Ng4 34.h3 Nf2+ 35.Kh2 Ng4+ 36.Kh1 Nf2+
37.Kh2 Ng4+ 38.Kh1 Nf2+ 39.Kh2 Ng4+ 40.Kh1 Nf2+ 41.Kh2 Ng4+  1/2-1/2

[Event "12th Open"]
[Site "Creon FRA"]
[Date "2007.08.01"]
[Round "4"]
[White "Okhotnik,V"]
[Black "Critelli,J"]
[Result "1-0"]
[WhiteElo "2468"]
[BlackElo "2262"]

1.e4 c5 2.c3 Nf6 3.e5 Nd5 4.d4 cxd4 5.Nf3 Nc6 6.cxd4 d6 7.Bc4 e6 8.O-O Be7
9.Qe2 O-O 10.Qe4 Nb6 11.Bd3 g6 12.Bh6 Re8 13.Nc3 a6 14.Rad1 Nb4 15.Bb1 N4d5
16.Qg4 Nxc3 17.bxc3 Bf8 18.Qh3 f6 19.exf6 Qxf6 20.Bg5 Qf7 21.Qg3 Bd7 22.h4 Bb5
23.Rfe1 Nd5 24.Rc1 Rac8 25.Nh2 Nf6 26.Bxf6 Qxf6 27.h5 Kg7 28.hxg6 hxg6 29.Re4 e5
30.Rg4 e4 31.Bxe4 Rxe4 32.Rxe4 d5 33.Ng4 Qg5 34.f4  1-0

[Event "Ave-Kontakt Cup IMC"]
[Site "Olomouc CZE"]
[Date "2007.08.01"]
[Round "1"]
[White "Salai,L"]
[Black "Smith,Ax"]
[Result "1/2-1/2"]
[WhiteElo "2378"]
[BlackElo "2284"]

1.e4 c5 2.c3 Nf6 3.e5 Nd5 4.d4 cxd4 5.Nf3 Nc6 6.cxd4 d6 7.Bc4 Nb6 8.Bb5 dxe5
9.Nxe5 Bd7 10.Bxc6 Bxc6 11.Nxc6 bxc6 12.O-O g6 13.Re1 Bg7 14.Bg5 O-O 15.Bxe7 Qxd4
16.Nc3 Rfe8 17.Qf3 Nc4 18.Qxc6 Ne5 19.Qd5 Nd3 20.Qxd4 Bxd4 21.Red1 Bxf2+
22.Kf1 Rxe7 23.Rxd3 Bb6 24.Nd5  1/2-1/2

[Event "12th Open"]
[Site "Creon FRA"]
[Date "2007.08.02"]
[Round "6"]
[White "Karpatchev,A"]
[Black "Parmentier,X"]
[Result "1-0"]
[WhiteElo "2466"]
[BlackElo "2303"]

1.e4 c5 2.c3 Nf6 3.e5 Nd5 4.Nf3 Nc6 5.Bc4 Nb6 6.Bb3 g6 7.d4 cxd4 8.Ng5 d5
9.exd6 e6 10.Qf3 f6 11.Nxe6 Bxe6 12.Bxe6 Bxd6 13.Qh3 f5 14.O-O Qf6 15.Re1 Be5
16.cxd4 Nxd4 17.Bb3 Nxb3 18.Qxb3 O-O-O 19.Nd2 Bc7 20.Nf3 f4 21.Bd2 Nd5 22.Rac1 Kb8
23.Rc5 Qd6 24.Rb5 Nb6 25.Rbe5 Rhf8 26.Bb4 Qd7 27.Bxf8 Bxe5 28.Nxe5  1-0

[Event "Liepajas Rokade Super"]
[Site "Liepaja LAT"]
[Date "2007.08.02"]
[Round "2"]
[White "Sveshnikov,E"]
[Black "Reimanis,R"]
[Result "1-0"]
[WhiteElo "2504"]
[BlackElo "2147"]

1.e4 c5 2.c3 Nf6 3.e5 Nd5 4.d4 cxd4 5.cxd4 d6 6.Nf3 e6 7.Bc4 Nc6 8.O-O Be7
9.Qe2 dxe5 10.dxe5 O-O 11.Nc3 Nxc3 12.bxc3 b6 13.Qe4 Bb7 14.Bd3 g6 15.Bh6 Re8
16.Rad1 Qc7 17.Qf4 f5 18.h4 Nd8 19.Bb5 Bc6 20.Bxc6 Nxc6 21.h5 Rad8 22.hxg6 hxg6
23.Qg3 Kf7 24.Rxd8 Rxd8 25.Bg5 Rh8 26.Bxe7 Qxe7 27.Ng5+ Kg7 28.Rd1 Rd8 29.Rd6 Rxd6
30.exd6 Qd7 31.Qh2 Kf6 32.f4 Qg7 33.Qh4 e5 34.Nf3+ Ke6 35.fxe5 Kd5 36.Qa4 a6
37.c4+ Kc5 38.Qxa6 Na7 39.Qa3+ Kxc4 40.e6 Qa1+ 41.Kf2 Nb5 42.Qb3+ Kc5 43.d7 Qf6
44.Qe3+ Kc6 45.e7 Qb2+ 46.Kg3 f4+ 47.Kxf4 Qf6+ 48.Kg3 Nd6 49.e8=Q Nf5+ 50.Kf2 Kc7
51.d8=Q+ Qxd8 52.Qc3+  1-0

[Event "Valoz Cup GMA"]
[Site "Olomouc CZE"]
[Date "2007.08.03"]
[Round "4"]
[White "Can,E"]
[Black "Ibrayev,N"]
[Result "1-0"]
[WhiteElo "2411"]
[BlackElo "2468"]

1.e4 c5 2.c3 Nf6 3.e5 Nd5 4.d4 cxd4 5.Nf3 e6 6.cxd4 b6 7.Nc3 Nxc3 8.bxc3 Qc7
9.Bd2 Be7 10.Bd3 Ba6 11.Bxa6 Nxa6 12.Qe2 Qb7 13.O-O O-O 14.Bg5 f6 15.exf6 Bxf6
16.Bxf6 Rxf6 17.Ne5 Rd8 18.Rab1 Nc7 19.c4 Qa6 20.Rfe1 d6 21.Nd3 Rdf8 22.Qd2 Qa4
23.Qb4 Qc6 24.Re3 Rf5 25.Rc1 h5 26.h4 Kh7 27.Rce1 R8f7 28.Rg3 g6 29.Qb3 Rg7
30.Rg5 Rxg5 31.hxg5 Rf7 32.Nb4 Qd7 33.Qg3 Rf5 34.Nd3 Qe7 35.f4 Qg7 36.Qf2 Qd7
37.Qf3 Ne8 38.Nf2 Qf7 39.Nd3 Ra5 40.Qc6 Ra3 41.Nf2 Rxa2 42.Ne4 Kg7 43.Nxd6 Nxd6
44.Qxd6 Qb7 45.d5 Qc8 46.Qe7+ Kg8 47.Rxe6 Qc5+ 48.Qxc5 bxc5 49.Rxg6+ Kf7
50.Rc6  1-0

[Event "IM"]
[Site "Dubna RUS"]
[Date "2007.08.04"]
[Round "4"]
[White "Liassota,E"]
[Black "Neverov,I"]
[Result "1-0"]
[WhiteElo "2241"]
[BlackElo "2146"]

1.e4 c5 2.c3 Nf6 3.e5 Nd5 4.d4 cxd4 5.Nf3 e6 6.cxd4 d6 7.Bc4 Nb6 8.Bd3 Nc6
9.a3 dxe5 10.dxe5 Qc7 11.Bf4 Nd5 12.Bg3 Bd7 13.O-O Be7 14.Qe2 h5 15.h4 Bc5
16.Nbd2 Rd8 17.Ne4 Qb6 18.b4 Be7 19.Bc4 Rh6 20.Rad1 Ndxb4 21.axb4 Nxb4 22.Bf4 Rg6
23.Nd6+ Bxd6 24.Rxd6 Bc6 25.Rfd1 Nd5 26.Bxd5 Rxd6 27.exd6 Bxd5 28.Rxd5  1-0

[Event "94th ch-GBR"]
[Site "Great Yarmouth ENG"]
[Date "2007.08.04"]
[Round "6"]
[White "Anderton,M"]
[Black "Zhou,Y"]
[Result "1/2-1/2"]
[WhiteElo "2229"]
[BlackElo "2069"]

1.e4 c5 2.c3 Nf6 3.e5 Nd5 4.Nf3 Nc6 5.Bc4 Nb6 6.Bb3 d5 7.exd6 Qxd6 8.Na3 Be6
9.O-O Bxb3 10.Qxb3 Qd3 11.Re1 e6 12.Re3 Qd5 13.Nb5 Qxb3 14.axb3 Nd5 15.Re4 Rd8
16.Nxa7 Ra8 17.Rea4 Nb6 18.R4a2 Nd8 19.d4 cxd4 20.Nxd4 e5 21.Nc2 Be7 22.Be3 Nd5
23.Nb5 Rxa2 24.Rxa2 O-O 25.c4 Nf6 26.Ra7 Nd7 27.b4 f5 28.f4 Nb8 29.Nc3 Nbc6
30.Ra4 exf4 31.Bxf4 g5 32.Be3 f4 33.Bf2 Ne5 34.Nd5 Bd6 35.c5 Bb8 36.Nd4 Nd3
37.Ra8 Be5 38.Nf3 Ne6 39.Rxf8+ Kxf8 40.Nxe5 Nxe5 41.Be1 Nc6 42.Bc3 Ncd4 43.Kf2 Kf7
44.Nb6 Ke7 45.Nc4 Kd8 46.Nd6 Kc7 47.Nf7 Nf5 48.Kf3 Nh4+ 49.Kf2 Nf5 50.g3 fxg3+
51.hxg3 g4 52.Nd6 Nxd6 53.Be5 Kc6 54.Bxd6 Kd5 55.Ke3 h5 56.Be7 Nd4 57.Bf6 Ne6
58.Bc3 Ng5 59.Bf6  1/2-1/2

[Event "Tsiolkovsky Mem"]
[Site "Kaluga RUS"]
[Date "2007.08.04"]
[Round "2"]
[White "Tarasov,I"]
[Black "Amonatov,F"]
[Result "0-1"]
[WhiteElo "2337"]
[BlackElo "2598"]

1.e4 c5 2.c3 Nf6 3.e5 Nd5 4.Nf3 Nc6 5.Bc4 Nb6 6.Bb3 d5 7.exd6 Qxd6 8.O-O c4
9.Bc2 Bg4 10.b3 Qd5 11.bxc4 Bxf3 12.gxf3 Nxc4 13.Be4 Qd7 14.d4 e6 15.Qe2 Nb6
16.a4 Rd8 17.f4 Be7 18.Be3 O-O 19.Rd1 g6 20.a5 Nc8 21.Nd2 Nd6 22.Bg2 Qc7
23.a6 b6 24.Nc4 Nf5 25.Rac1 Rfe8 26.Ne5 Na5 27.d5 Bf6 28.dxe6 Rxe6 29.Bd5 Re7
30.Qf3 Nxe3 31.fxe3 Bxe5 32.fxe5 Rde8 33.Rf1 Nc4 34.Qg3 Nxe5 35.Rf6 Qc5 36.c4 b5
37.Kh1 bxc4 38.e4 Rd8 39.Rd1 Kg7 40.Qf4 c3 41.Rf1 Rxd5 42.exd5 Qxd5+ 43.Kg1 c2
44.h4 Rc7 45.h5 Rc4 46.Rxf7+ Nxf7 47.h6+ Kg8  0-1

[Event "XXII Rapid"]
[Site "Villarrobledo ESP"]
[Date "2007.08.04"]
[Round "4"]
[White "Strikovic,A"]
[Black "Ivanchuk,V"]
[Result "0-1"]
[WhiteElo "2567"]
[BlackElo "2762"]

1.e4 c5 2.c3 Nf6 3.e5 Nd5 4.d4 cxd4 5.Nf3 d6 6.Bc4 Nb6 7.Bb3 dxe5 8.Nxe5 e6
9.cxd4 Nc6 10.Nxc6 bxc6 11.O-O Be7 12.Nc3 O-O 13.Be3 Nd5 14.Nxd5 cxd5 15.Qd2 Bd7
16.Rfc1 Qb6 17.Bc2 a5 18.Bd3 Bb5 19.Bxb5 Qxb5 20.Rc7 Bd6 21.Rc2 Rfc8 22.Rac1 Rxc2
23.Rxc2 a4 24.h3 h6 25.Bf4 Bxf4 26.Qxf4 Qd3 27.Rc7 Qb1+ 28.Kh2 Rf8 29.Rc3 Qxb2
30.Rg3 Qb8 31.Qg4 g6 32.Qd1 Qf4 33.Kg1 Rc8 34.Re3 Rc4 35.g3 Qxd4 36.Qe2 h5
37.Kg2 Kg7 38.h4 Rb4 39.Rf3 Qe4 40.Qa6 Rb8 41.Qa7 Rf8 42.a3 Kg8 43.Qd7 e5
44.Qc6 f6 45.Qc3 Kg7 46.Qc7+ Rf7 47.Qc6 f5 48.Qc3 d4  0-1

[Event "US Open"]
[Site "Cherry Hill USA"]
[Date "2007.08.05"]
[Round "9"]
[White "Sevillano,E"]
[Black "Toolin,C"]
[Result "1-0"]
[WhiteElo "2497"]
[BlackElo "2201"]

1.e4 c5 2.c3 Nf6 3.e5 Nd5 4.d4 cxd4 5.Nf3 e6 6.cxd4 b6 7.Nc3 Nxc3 8.bxc3 Qc7
9.Bd2 Bb7 10.Bd3 Nc6 11.Ng5 Na5 12.O-O Be7 13.Qh5 Bxg5 14.Qxg5 Nc4 15.Bc1 h6
16.Qh4 g5 17.Bxg5 Rg8 18.Qxh6 Nxe5 19.dxe5 Qxe5 20.f4 Qe3+ 21.Kh1 Qxd3 22.Qf6 Qd6
23.Rad1 Qf8 24.f5 Bd5 25.Rxd5  1-0

[Event "Open"]
[Site "Kavala GRE"]
[Date "2007.08.05"]
[Round "2"]
[White "Velchev,H"]
[Black "Marjanovic,Slavo"]
[Result "0-1"]
[WhiteElo "2299"]
[BlackElo "2480"]

1.e4 c5 2.c3 Nf6 3.e5 Nd5 4.d4 cxd4 5.Nf3 Nc6 6.cxd4 d6 7.exd6 e6 8.Nc3 Qxd6
9.Bc4 Nxc3 10.bxc3 Be7 11.O-O O-O 12.a4 Rd8 13.Qe2 b6 14.Bd3 Bb7 15.Ng5 Bxg5
16.Bxg5 Re8 17.Qh5 f5 18.Qh3 Rac8 19.Rae1 Na5 20.Re3 Bd5 21.Rg3 Rf8 22.Qh4 Rf7
23.Rh3 g6 24.Bf6 Qf8 25.Be5 Bc4 26.Rg3 Rd7 27.Bxc4 Rxc4 28.Re3 Rxa4 29.Bf6 Qf7
30.Rfe1 Nc4 31.R3e2 b5 32.g4 Nd6 33.Rxe6 Ra1 34.Rxa1 Qxe6 35.Be5 Nc4 36.gxf5 Qxf5
37.Bg3 a5 38.Re1 Nd2 39.Re3  0-1

[Event "HZ Open"]
[Site "Vlissingen NED"]
[Date "2007.08.05"]
[Round "2"]
[White "Shrentzel,M"]
[Black "Zilverberg,J"]
[Result "1-0"]
[WhiteElo "2322"]
[BlackElo "2022"]

1.e4 c5 2.c3 Nf6 3.e5 Nd5 4.d4 cxd4 5.Nf3 e6 6.cxd4 b6 7.Nc3 Nxc3 8.bxc3 Qc7
9.Bb2 Be7 10.Bd3 Bb7 11.O-O O-O 12.c4 d6 13.exd6 Bxd6 14.h3 Nd7 15.Re1 Rfe8
16.Ng5 g6 17.Qg4 e5 18.c5 bxc5 19.Bc4 Re7 20.Nxf7 Rxf7 21.Bxf7+ Kxf7 22.dxe5 Bxe5
23.Bxe5 Nxe5 24.Qf4+ Ke6 25.Re3 Rd8 26.Rae1 Rd5 27.Qf8 g5 28.Qh6+ Kd7 29.Qxh7+  1-0

[Event "HZ Open"]
[Site "Vlissingen NED"]
[Date "2007.08.05"]
[Round "2"]
[White "Westerweele,H"]
[Black "Kuipers,S"]
[Result "1/2-1/2"]
[WhiteElo "2018"]
[BlackElo "2245"]

1.e4 c5 2.c3 Nf6 3.e5 Nd5 4.d4 cxd4 5.Qxd4 e6 6.Bc4 Nc6 7.Qe4 d6 8.Nf3 dxe5
9.Nxe5 Bd6 10.Nf3 Nf6 11.Qh4 Ne7 12.Bg5 Nf5 13.Bb5+ Ke7 14.Qc4 Qb6 15.Qe2 h6
16.Bxf6+ gxf6 17.O-O Rg8 18.Nbd2 Ng7 19.Ne4 Bc7 20.Rfd1 Nh5 21.Qc4 a5 22.Nc5 Nf4
23.g3 Nd5 24.Na4 Qd6 25.Qe4 Qf4 26.Qe2 Nb6 27.Rd4 Qf5 28.Bd3 Qh5 29.Rh4 Qe5
30.Re4 Qh5 31.Rh4 Qe5 32.Re4  1/2-1/2

[Event "UTwente YM"]
[Site "Hengelo NED"]
[Date "2007.08.06"]
[Round "1"]
[White "Van Oosterom,C"]
[Black "Kuzubov,Y"]
[Result "1/2-1/2"]
[WhiteElo "2358"]
[BlackElo "2568"]

1.e4 c5 2.c3 Nf6 3.e5 Nd5 4.Nf3 Nc6 5.Bc4 Nb6 6.Bb3 d5 7.exd6 Qxd6 8.Na3 Be6
9.d4 cxd4 10.Nb5 Qd7 11.Nbxd4 Bxb3 12.Qxb3 Nxd4 13.Nxd4 e6 14.O-O Be7 15.Rd1 O-O
16.Nf5 Qc7 17.Nxe7+ Qxe7 18.Bf4 Rfd8 19.Bg3 h5 20.h3 h4 21.Be5 Rac8 22.Rd4 Rd5
23.Re1 f6 24.Bf4 Qf7 25.Be3 Rxd4 26.Bxd4 Rc6 27.Rd1 e5 28.Be3 Qxb3 29.axb3 Kf7
30.Rd8 Ke6 31.Rb8 Rc7 32.Bxb6 axb6 33.Kf1 Kf5 34.Rd8 Ke6 35.Ke2 g5 36.Re8+ Kd7
37.Rg8 Ke6 38.Re8+ Kd7 39.Rg8 Ke6 40.Re8+  1/2-1/2

[Event "Tsiolkovsky Mem"]
[Site "Kaluga RUS"]
[Date "2007.08.06"]
[Round "4"]
[White "Timofeev,Vl"]
[Black "Nachev,S"]
[Result "0-1"]
[WhiteElo "2312"]
[BlackElo "2424"]

1.e4 c5 2.c3 Nf6 3.e5 Nd5 4.Bc4 Nb6 5.Bb3 e6 6.Nf3 d6 7.exd6 Bxd6 8.O-O O-O
9.d4 cxd4 10.cxd4 Bd7 11.Nc3 Bc6 12.Ne5 N8d7 13.Nxc6 bxc6 14.Qf3 Nd5 15.Ne4 Be7
16.Be3 a5 17.Ba4 Qb6 18.Rfc1 Rac8 19.Rc2 Qb4 20.b3 Qb7 21.Bd2 N7b6 22.Nc5 Bxc5
23.dxc5 Nxa4 24.bxa4 Qa6 25.Qg4 Qa7 26.Rb1 Rb8 27.Rb3 Rxb3 28.axb3 Rb8 29.Qc4 e5
30.g3 f5 31.Rc1 Kh8 32.Re1 Re8 33.f3 h6 34.Kg2 Nf6 35.Bc3 Qc7 36.f4 e4 37.Bxf6 gxf6
38.Qc3 Kg7 39.Rd1 Rd8 40.Rd4 Qe7 41.Kf2 Kg6 42.Ke3 Rxd4 43.Qxd4 Qe6 44.Qd1 Qe7
45.Qc2 Qf7 46.g4 Qd5 47.h3 fxg4 48.hxg4 f5 49.gxf5+ Kxf5 50.Qc3 h5 51.Kf2 Kxf4
52.Qf6+ Qf5 53.Qxc6 e3+ 54.Kg2 Qg4+ 55.Kf1 Qd1+ 56.Kg2 Qe2+ 57.Kg1 Qf2+ 58.Kh1 Qf3+  0-1

[Event "12th WY U16 Ol"]
[Site "Singapore SIN"]
[Date "2007.08.06"]
[Round "3"]
[White "Khademi,M"]
[Black "Sukandar,I"]
[Result "1-0"]
[WhiteElo "2253"]
[BlackElo "2259"]

1.e4 c5 2.c3 Nf6 3.e5 Nd5 4.d4 cxd4 5.Qxd4 e6 6.Nf3 Nc6 7.Qe4 d6 8.Bb5 Bd7
9.exd6 Bxd6 10.O-O O-O 11.Rd1 Qc7 12.Nbd2 a6 13.Ba4 Nf6 14.Qh4 Ne7 15.Bxd7 Qxd7
16.g3 Ng6 17.Qc4 b5 18.Qe2 Qc6 19.Nb3 e5 20.Bg5 Ne8 21.c4 Qxc4 22.Qxc4 bxc4
23.Na5 Rc8 24.Rac1 e4 25.Nd4 Rc5 26.Bd2 Ne5 27.Kg2 Nd3 28.Rc2 Rd5 29.Ndc6 Nf6
30.Nxc4 Rc5 31.N6a5 Rfc8 32.Rc3 Bc7 33.Nb3 Rc6 34.Nd4 Rc5 35.Nb3 Rc6 36.Nd4 Rc5
37.Nb3 Rf5 38.Nd6 Rxf2+ 39.Kg1 Rxd2 40.Rxd2 Bb6+ 41.Kf1 Rd8 42.Rc8 Rxc8 43.Nxc8 Be3
44.Re2 Bh6 45.Nd6 e3 46.Nf5 Nd5 47.Rc2 f6 48.Rc8+ Kf7 49.Rd8 Ke6 50.Nbd4+  1-0

[Event "UTwente YM"]
[Site "Hengelo NED"]
[Date "2007.08.07"]
[Round "3"]
[White "Van Oosterom,C"]
[Black "Harika,D"]
[Result "1/2-1/2"]
[WhiteElo "2358"]
[BlackElo "2478"]

1.e4 c5 2.c3 Nf6 3.e5 Nd5 4.Nf3 Nc6 5.Bc4 Nb6 6.Bb3 d5 7.exd6 Qxd6 8.Na3 Be6
9.d4 Bxb3 10.Qxb3 cxd4 11.Nb5 Qd7 12.Nbxd4 Nxd4 13.Nxd4 e6 14.O-O Be7 15.Rd1 O-O
16.Nf5 Qc7 17.Nxe7+ Qxe7 18.Bf4 Rfd8 19.Be5 Rxd1+ 20.Rxd1 Rd8 21.h3 Rxd1+
22.Qxd1 Qd7 23.Qg4 f5 24.Qg3 Nc4 25.Bd4 a6 26.Qb8+ Kf7 27.b3 Nd6 28.Qh8 Kg6
29.Qf8 Ne8 30.a4 Nf6 31.Bxf6 gxf6 32.Qg8+ Kh6 33.a5 Qd1+ 34.Kh2 Qxb3 35.Qf8+ Kg6
36.Qg8+ Kh6 37.Qf8+ Kg6 38.Qg8+  1/2-1/2

[Event "12th WY U16 Ol"]
[Site "Singapore SIN"]
[Date "2007.08.07"]
[Round "4"]
[White "Ly,M"]
[Black "Khademi,M"]
[Result "1/2-1/2"]
[WhiteElo "2295"]
[BlackElo "2253"]

1.e4 c5 2.c3 Nf6 3.e5 Nd5 4.d4 cxd4 5.Nf3 d6 6.Qxd4 e6 7.exd6 Qxd6 8.Nbd2 Nc6
9.Qa4 Bd7 10.Ne4 Qc7 11.Qc2 f5 12.Ng3 O-O-O 13.Bg5 Be7 14.Bxe7 Ncxe7 15.O-O-O Qa5
16.Bc4 Kb8 17.Ne5 Ba4 18.Bb3 Bxb3 19.Qxb3 Rc8 20.Ne2 Rc7 21.Nd3 Rhc8 22.Kb1 Rc6
23.Ka1 Rb6 24.Qc2 Nc6 25.a3 Ra6 26.Ndf4 Nxf4 27.Nxf4 Qe5 28.g3 Qc5 29.Qe2 e5
30.Nd5 Rd8 31.Nb4 Rxd1+ 32.Rxd1 Nxb4 33.cxb4 Qc7 34.f4 e4 35.Qb5 Rxa3+ 36.bxa3 Qc3+  1/2-1/2

[Event "12th WY U16 Ol"]
[Site "Singapore SIN"]
[Date "2007.08.07"]
[Round "5"]
[White "Khademi,M"]
[Black "So,W"]
[Result "0-1"]
[WhiteElo "2253"]
[BlackElo "2516"]

1.e4 c5 2.c3 Nf6 3.e5 Nd5 4.d4 cxd4 5.Nf3 Nc6 6.cxd4 d6 7.Nc3 dxe5 8.dxe5 Nxc3
9.Qxd8+ Nxd8 10.bxc3 Bd7 11.Rb1 Rc8 12.Be3 e6 13.Bxa7 Rxc3 14.Bd4 Rc2 15.Bd3 Rxa2
16.O-O Be7 17.Be4 Bc6 18.Bxc6+ bxc6 19.Be3 Ra5 20.Rfc1 O-O 21.Bb6 Rd5 22.Nd4 c5
23.Bxd8 Bxd8 24.Nc6 h5 25.Rb5 c4 26.Rxd5 exd5 27.Rd1 Re8 28.Rxd5 Bb6 29.Kf1 c3
30.Ke2 c2 31.Kd2 c1=Q+ 32.Kxc1 Rc8 33.Rd6 Kh7 34.e6 Bc5 35.Ne7 Rf8 36.Rd7 fxe6
37.Nc6 Rc8  0-1

[Event "Open"]
[Site "Callao PER"]
[Date "2007.08.08"]
[Round "1"]
[White "Cornejo,M"]
[Black "Calcina,G"]
[Result "1-0"]
[WhiteElo "2338"]
[BlackElo "2126"]

1.e4 c5 2.c3 Nf6 3.e5 Nd5 4.d4 cxd4 5.cxd4 d6 6.Bc4 Nb6 7.Bb5+ Bd7 8.e6 Bxb5
9.Qh5 Qc7 10.Qxb5+ Qc6 11.exf7+ Kxf7 12.Qg5 e6 13.Ne2 Be7 14.Qh5+ g6 15.Qh3 N8d7
16.Nbc3 Bf6 17.O-O Rae8 18.Be3 Bg7 19.Rac1 Nf6 20.Ng3 Qd7 21.Nge4 Nxe4 22.Nxe4 Nd5
23.Qg3 Rd8 24.Bg5 Ne7 25.Qf3+ Kg8 26.Qa3 h6 27.Nf6+ Bxf6 28.Bxf6 Rh7 29.Bxe7 Qxe7
30.Qxa7 Rf7 31.Rc2 Rdf8 32.Qb6 Rf5 33.f3 Rd5 34.Rc7 Qf6 35.Rxb7 Rxd4 36.Qc7 Rf7
37.Qxf7+ Qxf7 38.Rxf7 Kxf7 39.Rb1 Ke7 40.b4 Kd7 41.Rb2 Kc6 42.a4 Rd1+ 43.Kf2 Ra1
44.b5+ Kb6 45.Re2 e5 46.Rd2 Kc5 47.Rc2+ Kd5 48.Rc7 Rxa4 49.Rh7 h5 50.Rg7 h4
51.Rxg6 h3 52.g4 Ra2+ 53.Kg3 Ra3 54.Kxh3 Rxf3+ 55.Kg2 Rb3 56.h4 Ke4 57.Rf6 Rxb5
58.h5 Rb8 59.g5 Rh8 60.h6 d5 61.Rf7 d4 62.h7  1-0